| 000 | 00705nam a2200217 i 4500 | ||
|---|---|---|---|
| 001 | 37359 | ||
| 003 | ES-MaACL | ||
| 005 | 20250824225839.0 | ||
| 007 | t| | ||
| 008 | 030220s1947 sp ||||1| spa d | ||
| 100 | 1 |
_aBudenz, Louis Francis. _932335 |
|
| 245 | 1 | 0 |
_aEsta es mi historia / _cLouis Francis Budenz ; [traducción del ingles por Eduardo de Guzmán]. |
| 250 | _a1ª ed. | ||
| 260 |
_a[Barcelona : _bs.n, _c1947] ( _fTip. Miguza) |
||
| 300 |
_a270 p. ; _c22 cm. |
||
| 490 | 1 | _aLos libros de nuestro tiempo | |
| 700 | 1 |
_aGuzmán, Eduardo de, _d1908-1991 _961283 |
|
| 830 | 0 | 4 |
_aLos libros de nuestro tiempo _9181112 |
| 852 |
_aES-MaACL _jC-5612 _bR.26050 |
||
| 999 |
_c37359 _d37359 |
||